Представление документа в формате MARC21

Поле Инд. ПП Название Значение
Тип записи a
Библиографический уровень m
001 _ Контрольный номер RU/URAIT/476926
005 _ Дата корректировки 20250915104111.4
008 Кодируемые данные 200207s2021 RU y f j 000 0 rus u
020 a ISBN 978-5-534-13010-2
c Цена, тираж 1289.00
040 a Служба первич. каталог. ИКО Юрайт
c Служба, преобразующая запись ИКО Юрайт
e Правила каталог. RCR
041 a Код языка текста rus
044 a Код страны публикации RU
080 a Индекс УДК 339.5(075.8)
084 2 Источник индекса rubbk
a Индекс другой классификации/Индекс ББК 65я73
100 1_ a Автор Джабиев Александр Петрович
q Полное имя Александр Петрович
245 a Заглавие Таможенные процедуры
b Продолж. заглавия Учебник для вузов
c Ответственность Джабиев А. П.
256 a Характеристики компьютерного файла Электрон. дан.
260 a Место издания Москва
b Издательство Юрайт
c Дата издания 2021
300 a Объем 425 с
440 a Серия Высшее образование
500 a Примечание URL: https://urait.ru/bcode/476926 (дата обращения: 23.11.2021).
520 a Аннотация Основное назначение курса — помочь в освоении студентами правовых, теоретических основ и практических навыков таможенных операций товаров при помещении их под различные таможенные процедуры. На углубленном уровне раскрыты содержание, применение и условия помещения товаров под таможенные процедуры. Отличительной особенностью курса является то, что в нем учебный материал дополняется и расширяется новейшими сведениями с учетом кардинальной трансформации нормативно-правовой базы, регулирующей таможенное дело. Соответствует актуальным требованиям Федерального государственного образовательного стандарта высшего образования. Для студентов, обучающихся по направлению подготовки «Таможенное дело» (уровень специалитет), а также для бакалавров, магистрантов высших учебных заведений, обучающихся по экономическим специальностям. Будет полезен аспирантам, преподавателям, изучающим или преподающим дисциплины по таможенному делу.
538 a Прим. о системных особенностях Режим доступа: Электронно-библиотечная система Юрайт, для авториз. пользователей
653 a Ключевые слова Мировая экономика. Внешняя торговля. Таможенное дело
653 a Ключевые слова Экономика и управление
653 a Ключевые слова Таможенные процедуры
856 40 u URL https://urait.ru/bcode/476926
x Примечание для ЭОР https://urait.ru/book/cover/AEE36102-54E8-4E64-B1F5-08A51BC452ED
z Примечание для пользователя Участвует в КО
856 41 u URL https://urait.ru/book/cover/AEE36102-54E8-4E64-B1F5-08A51BC452ED